| 000 | 00970nam a2200253 a 4500 | ||
|---|---|---|---|
| 001 | 000012428 | ||
| 005 | 20240412074232.0 | ||
| 008 | 091112s2006 dr 000 p spa d | ||
| 020 | _a9945427105 | ||
| 040 |
_aDO-SdBNP _bspa _cBNPHU |
||
| 082 |
_aRD861.44 _bG633f |
||
| 100 | 1 |
_aGómez Rosa, Alexis, _d1950- _923501 |
|
| 245 | 1 | 0 |
_aFerryboat de una noche invertebrada / _cAlexis Gómez Rosa ; edición Amado Alexis Santana Chalas. |
| 260 |
_aSanto Domingo : _bEditora Nacional, _c2006. |
||
| 300 |
_a92 p. ; _c23 cm. |
||
| 500 | _aIncluye datos biográficos del autor en las solapas. | ||
| 500 | _aIncluye referencias bibliográficas y notas al pie de las páginas. | ||
| 586 | _aPremio Nacional de Poesía Salomé Ureña de Henríquez, 2006. | ||
| 590 | _aInventariado, 2018/LP | ||
| 650 | 0 |
_aPoesía dominicana _966 |
|
| 650 | 0 |
_aLiteratura dominicana. _967 |
|
| 700 | 1 |
_aSantana Chalas, Amado Alexis, _eed. _9854 |
|
| 910 | _aValidado. Control de calidad BNPHU. | ||
| 999 |
_c12085 _d12085 |
||